Top 30 Greatest Songs - Justin Bieber - Statistics

General Stats
  • This quiz has been taken 111 times
  • The average score is 14 of 30
Answer Stats
Rank Song Year % Correct
3 Baby 2010
99%
1 Sorry 2015
91%
2 Love Yourself 2015
79%
4 What Do You Mean? 2015
75%
8 Boyfriend 2012
70%
5 Peaches 2021
69%
10 Beauty and a Beat 2012
67%
13 Yummy 2020
66%
17 Confident 2013
62%
7 Ghost 2021
62%
6 Stay 2021
60%
19 Never Say Never 2010
57%
18 One Time 2009
55%
22 Lonely 2020
51%
20 Eenie Meenie 2010
49%
12 Intentions 2020
46%
29 Mistletoe 2011
43%
9 As Long As You Love Me 2012
41%
16 Cold Water 2016
41%
14 Company 2016
41%
11 Where Are Ü Now 2015
40%
15 Let Me Love You 2016
39%
21 Hold On 2021
26%
25 All Around the World 2012
18%
23 Anyone 2021
18%
30 10,000 Hours 2019
16%
28 U Smile 2010
15%
24 I'll Show You 2015
10%
26 Heartbreaker 2013
9%
27 Die in Your Arms 2012
7%
No matching quizzes found
Score Distribution
Percent of People with Each Score
Percentile by Number Answered
Your Score History
You have not taken this quiz